Practical coal mining (Record no. 87591)
[ view plain ]
| 000 -LEADER | |
|---|---|
| fixed length control field | 00417cam a2200193 4500 |
| 001 - CONTROL NUMBER | |
| control field | D14844 |
| 008 - FIXED-LENGTH DATA ELEMENTS--GENERAL INFORMATION | |
| fixed length control field | 090401t1954 xxu||||| |||| 00| 0 eng d |
| 035 ## - SYSTEM CONTROL NUMBER | |
| System control number | (Sirsi) u18351 |
| 041 ## - LANGUAGE CODE | |
| Language code of text/sound track or separate title | eng |
| 050 ## - LIBRARY OF CONGRESS CALL NUMBER | |
| Classification number | 622.33 |
| 100 ## - MAIN ENTRY--PERSONAL NAME | |
| Personal name | Mason, E. |
| 245 ## - TITLE STATEMENT | |
| Title | Practical coal mining |
| 250 ## - EDITION STATEMENT | |
| Edition statement | 4th |
| 260 ## - PUBLICATION, DISTRIBUTION, ETC. | |
| Place of publication, distribution, etc. | London |
| Name of publisher, distributor, etc. | Virtue |
| Date of publication, distribution, etc. | 1954 |
| 300 ## - PHYSICAL DESCRIPTION | |
| Extent | 2 vols. 25cm |
| 350 ## - PRICE (NR) (BK AM CF MU VM SE) [OBSOLETE] | |
| Price | 1.75 |
| 942 ## - ADDED ENTRY ELEMENTS (KOHA) | |
| Suppress in OPAC | 0 |
| 948 ## - LOCAL PROCESSING INFORMATION (OCLC); SERIES PART DESIGNATOR (RLIN) | |
| c (OCLC) | 04/03/1997 |
| Withdrawn status | Lost status | Source of classification or shelving scheme | Damaged status | Not for loan | Home library | Current library | Shelving location | Date acquired | Cost, normal purchase price | Total Checkouts | Full call number | Barcode | Date last seen | Copy number | Cost, replacement price | Price effective from | Koha item type |
|---|---|---|---|---|---|---|---|---|---|---|---|---|---|---|---|---|---|
| Dewey Decimal Classification | London | London | Books | 20/08/1991 | 1.75 | 622.33 | 30017714 | 06/08/2019 | 1 | 1.75 | 06/08/2019 | Book | |||||
| Dewey Decimal Classification | London | London | Books | 20/08/1991 | 1.75 | 622.33 | 30017718 | 06/08/2019 | 2 | 1.75 | 06/08/2019 | Book |